<?xml version="1.0" encoding="UTF-8"?>
<collection xmlns:xsi="http://www.w3.org/2001/XMLSchema-instance" xsi:schemaLocation="http://www.loc.gov/MARC21/slim http://www.loc.gov/standards/marcxml/schema/MARC21slim.xsd" xmlns="http://www.loc.gov/MARC21/slim">
 <record>
  <leader>00000nam a2200000 i 4500</leader>
  <controlfield tag="001">UP-1685675941131525750</controlfield>
  <controlfield tag="003">Buklod</controlfield>
  <controlfield tag="005">20240129144812.0</controlfield>
  <controlfield tag="006">m    |o  d |      </controlfield>
  <controlfield tag="007">ta</controlfield>
  <controlfield tag="008">240129s2019    enkd  a r   b 001 0 eng d</controlfield>
  <datafield tag="020" ind1=" " ind2=" ">
   <subfield code="a">9780128147108</subfield>
   <subfield code="a">(paperback)</subfield>
  </datafield>
  <datafield tag="035" ind1=" " ind2=" ">
   <subfield code="a">20913683</subfield>
  </datafield>
  <datafield tag="037" ind1=" " ind2=" ">
   <subfield code="a">TMC-1789</subfield>
   <subfield code="b">Forefront Book Co., Inc.</subfield>
   <subfield code="c">Php 4,797.00</subfield>
  </datafield>
  <datafield tag="040" ind1=" " ind2=" ">
   <subfield code="a">DLC</subfield>
   <subfield code="d">TMC</subfield>
   <subfield code="e">rda</subfield>
  </datafield>
  <datafield tag="041" ind1=" " ind2=" ">
   <subfield code="a">eng</subfield>
  </datafield>
  <datafield tag="042" ind1=" " ind2=" ">
   <subfield code="a">DMLUC</subfield>
  </datafield>
  <datafield tag="090" ind1=" " ind2=" ">
   <subfield code="a">Q 125</subfield>
   <subfield code="b">L83 2019</subfield>
  </datafield>
  <datafield tag="100" ind1="1" ind2=" ">
   <subfield code="a">Lubell, Michael S.</subfield>
   <subfield code="e">author.</subfield>
  </datafield>
  <datafield tag="245" ind1="1" ind2="0">
   <subfield code="a">Navigating the maze</subfield>
   <subfield code="b">how science and technology policies shape America and the world</subfield>
   <subfield code="c">Michael S. Lubell, Mark W. Zemansky Professor of Physics, City College of the City University of New York (CCNY), New York, NY, United States.</subfield>
  </datafield>
  <datafield tag="264" ind1=" " ind2="1">
   <subfield code="a">London</subfield>
   <subfield code="a">San Diege, CA</subfield>
   <subfield code="b">Elsevier/Academic Press</subfield>
   <subfield code="c">[©2019]</subfield>
  </datafield>
  <datafield tag="300" ind1=" " ind2=" ">
   <subfield code="a">xx, 333 pages</subfield>
   <subfield code="b">illustrations</subfield>
   <subfield code="c">23 cm</subfield>
  </datafield>
  <datafield tag="336" ind1=" " ind2=" ">
   <subfield code="a">text</subfield>
   <subfield code="2">rdacontent</subfield>
  </datafield>
  <datafield tag="337" ind1=" " ind2=" ">
   <subfield code="a">unmediated</subfield>
   <subfield code="2">rdamedia</subfield>
  </datafield>
  <datafield tag="338" ind1=" " ind2=" ">
   <subfield code="a">volume</subfield>
   <subfield code="2">rdacarrier</subfield>
  </datafield>
  <datafield tag="504" ind1=" " ind2=" ">
   <subfield code="a">Includes bibliographical references (pages 287-317) and index.</subfield>
  </datafield>
  <datafield tag="520" ind1="0" ind2=" ">
   <subfield code="a">Science, and the technologies it has spawned, have been the principal drivers of the American economy since the end of post World War II. Today, economists estimate that a whopping 85% of the U.S. gross domestic product (GDP) growth traces its origin to science and technology. The size of the impact should not be a surprise, considering the ubiquity of modern technologies.&#13;
&#13;
Innovation has brought us the consumer products we take for granted: smart phones and tablets, CD and DVD players, cars that are loaded with electronics and GPS navigating tools and that rarely break down, search engines such as Google and Yahoo, the Internet, LED lights, microwave ovens, and much more. Technology has also made our military stronger and kept our nation safer. It has made food more affordable and plentiful. It has provided medical diagnostics such as MRIs, CT scanners, and genomic tests; treatments for disease, such as antibiotics, chemotherapy, immunotherapy and radiation; minimally-invasive procedures, such as laparoscopy, coronary stent insertion, and video-assisted thoracoscopy; and artificial joint and heart valve replacements.&#13;
&#13;
None of those technological developments were birthed miraculously. They owe a significant part of their realization to public and private strategies and public and private investments. Collectively, the strategies and investments form the kernel of science and technology policy.&#13;
&#13;
Navigating the Maze: How Science and Technology Policies Shape America and the World serves as a guide for students, scientists, engineers, technologists, entrepreneurs, business leaders, and members of the general public who want to understand the fundamentals of science and technology policymaking and how to use them to achieve beneficial outcomes. Larely using a historical narrative, the book provides unique insights into the integral nature of science, science policy, and politics, and the complex terrain on which they co-exist.&#13;
&#13;
The Preamble and Introduction set the stage for the historical narrrative that follows. Part One provides a comprehensive look at the development of science and technology from 1787 to 1992, illustrating the principles of a sub-ject that dates to the very birth of America. Part Two, which carries the narrative from 1992 until the present, focuses on concerns that are central to almost every facet of modern American life. Framed by the opportunities and challenges of globalization and the rapid pace of technological change, Part Two examines the tensions in present-day policymaking.</subfield>
   <subfield code="c">Preface</subfield>
  </datafield>
  <datafield tag="650" ind1=" " ind2="0">
   <subfield code="a">Science and state.</subfield>
  </datafield>
  <datafield tag="650" ind1=" " ind2="0">
   <subfield code="a">Technology and state.</subfield>
  </datafield>
  <datafield tag="650" ind1=" " ind2="0">
   <subfield code="a">Science</subfield>
   <subfield code="x">History.</subfield>
  </datafield>
  <datafield tag="650" ind1=" " ind2="0">
   <subfield code="a">Technology</subfield>
   <subfield code="x">History.</subfield>
  </datafield>
  <datafield tag="905" ind1=" " ind2=" ">
   <subfield code="a">FO</subfield>
  </datafield>
  <datafield tag="852" ind1="0" ind2=" ">
   <subfield code="a">UPD</subfield>
   <subfield code="b">TMC</subfield>
   <subfield code="h">Q 125</subfield>
   <subfield code="i">L83 2019</subfield>
  </datafield>
  <datafield tag="942" ind1=" " ind2=" ">
   <subfield code="a">Book</subfield>
  </datafield>
 </record>
</collection>
